| 000 | 00818nac a22002171u 4500 | ||
|---|---|---|---|
| 020 | _a0878148051 : | ||
| 082 |
_a622.3381 _bTAK |
||
| 090 |
_c8617 _d8617 |
||
| 100 | _aTakács, Gábor, | ||
| 245 | 1 | 0 |
_aGas lift manual / _cGábor Takács. |
| 260 |
_aTulsa, Okla. : _bPennWell,2005. _cc2005. |
||
| 300 |
_axvi, 478 p. : _bill. ; _c29 cm. |
||
| 500 | _aDistributer: Bacca | ||
| 504 | _aIncludes bibliographical references (p. 434) and index. | ||
| 511 | _aCatalogued by: Sara | ||
| 650 | 0 |
_aOil wells _xGas lift _vHandbooks, manuals, etc. |
|
| 650 | 0 |
_aPetroleum engineering _vHandbooks, manuals, etc. |
|
| 650 | 0 | _aOil well drilling | |
| 942 |
_cBB _k622.3381TAK |
||
| 999 |
_c8617 _d8617 |
||